000 00684nam a2200229 a 4500
001 BRCA_7562
005 20190320205905.0
008 060613s1963----sp-a######---#000-0#spa-#
041 _aspa
044 _asp
050 4 _aND653.B6
_b.B67 1963
245 1 0 _aEl Bosco
_cintroducción por José M. Pita Andrade.
260 _aBarcelona
_bEdart
_c[1963?]
300 _a8 p.
_bil. a color, 12 láminas
_c37 cm.
440 0 _aTesoro Artístico de España
_n5
_918655
500 _aS42
600 1 4 _aBosco, Hieronymus van Aken, conocido como
_dm. 1518
_910337
650 1 4 _aPintores holandeses
_918656
700 1 _aPita Andrade, José M.
_eintr.
_918657
902 _aGFM
942 _2lcc
_cB
999 _c7236
_d7236